| 000 | 01107nam a2200289 a 4500 | ||
|---|---|---|---|
| 001 | ebr10439459 | ||
| 003 | CaPaEBR | ||
| 006 | m u | ||
| 007 | cr cn||||||||| | ||
| 008 | 110128s2009 enk sb 000 0 eng d | ||
| 020 | _z9781849280167 | ||
| 020 | _z9781849280174 (e-book) | ||
| 040 |
_aCaPaEBR _cCaPaEBR |
||
| 035 | _a(OCoLC)640375464 | ||
| 050 | 1 | 4 |
_aHD31 _b.G73 2009eb |
| 100 | 1 | _aGraves, Tom. | |
| 245 | 1 | 0 |
_aEnterprise architecture _h[electronic resource] : _ba pocket guide / _cTom Graves. |
| 260 |
_aEly, U.K. : _bIT Governance Pub., _c2009. |
||
| 300 | _a56 p. | ||
| 504 | _aIncludes bibliographical references. | ||
| 533 |
_aElectronic reproduction. _bPalo Alto, Calif. : _cebrary, _d2011. _nAvailable via World Wide Web. _nAccess may be limited to ebrary affiliated libraries. |
||
| 650 | 0 | _aIndustrial organization. | |
| 650 | 0 |
_aBusiness enterprises _xComputer networks. |
|
| 655 | 7 |
_aElectronic books. _2local |
|
| 710 | 2 | _aebrary, Inc. | |
| 856 | 4 | 0 |
_uhttp://site.ebrary.com/lib/rucke/Doc?id=10439459 _zAn electronic book accessible through the World Wide Web; click to view |
| 999 |
_c133834 _d133834 |
||